000 00569nam a22001937a 4500
005 20251108174602.0
008 250721s2008 xx 000 0 ara d
082 1 4 _a956.07/بار
100 1 _aالبار، محمد علي
_eمؤلف
245 1 0 _aكيف أسلم المغول /
246 1 1 _ahow the mughal became muslim
264 1 _aعمان :
_bدار الفتح للنشر،
_c2008.
300 _a152 ص.
650 1 7 _aتاريخ العرب
650 1 7 _aالمغول
650 1 7 _aالتاريخ الاسلامي
942 _2ddc
_cBK
999 _c112906
_d112906